Biggest Cities in Each Continent - Statistics

General Stats
  • This quiz has been taken 999 times
    779 since last reset
  • The average score is 20 of 30
Answer Stats
Continent Answer % Correct
2 N. America New York City
96%
3 Europe London
89%
3 N. America Los Angeles
89%
1 N. America Mexico City
89%
4 S. America Rio de Janiero
86%
2 Europe Moscow
83%
1 Asia Tokyo
81%
5 N. America Chicago
79%
1 Oceania Sydney
78%
5 Europe Berlin
74%
1 Africa Cairo
74%
5 Asia Shanghai
73%
1 S. America Sao Paulo
71%
4 N. America Toronto
70%
2 Africa Lagos
68%
3 S. America Bogota
66%
2 Oceania Melbourne
65%
1 Europe Istanbul
64%
2 S. America Lima
64%
4 Asia Delhi
60%
4 Oceania Perth
60%
5 S. America Santiago
57%
4 Africa Johannesburg
56%
2 Asia Jakarta
54%
3 Oceania Brisbane
52%
4 Europe Saint Petersburg
47%
5 Oceania Adelaide
46%
3 Africa Kinshasa
46%
3 Asia Seoul
44%
5 Africa Khartoum
28%
No matching quizzes found
Score Distribution
Percent of People with Each Score
Percentile by Number Answered
Your Score History
You have not taken this quiz since the last reset